[Event "Match"]
[Site "www.echecsemail.com"]
[Date "2015.01.17"]
[Round "1"]
[White "Joseph1983"]
[Black "Xkafi"]
[WhiteElo "2150"]
[BlackElo "2020"]
[Result "1-0"]
[Round "1"]
1.e4 e5
2.Ng1f3 Qd8f6
3.Nb1c3 c6
4.d4 Bf8b4
5.Nf3xe5 d6
6.Ne5f3 Bc8g4
7.Bf1e2 Ng8h6
8.h3 Bg4d7
9.O-O Qf6g6
10.Kh1 O-O
11.Be2d3 f5
12.exf5 Bd7xf5
13.Nf3h4 Qg6e6
14.Nh4xf5 Nh6xf5
15.Rf1e1 Qe6f6
16.Nc3e4 Qf6xd4
17.c3 Bb4xc3
18.bxc3 Qd4b6
19.Ne4xd6 Nf5xd6
20.Qd1h5 g6
21.Bd3xg6 hxg6
22.Qh5xg6 Kh8
23.Qg6xd6 Qb6xf2
24.Bc1e3 Qf2f5
25.Qd6h6 Kg8
26.Be3d4 Qf5h7
27.Qh6g5 { resign }
1-0

[Event "Match"]
[Site "www.echecsemail.com"]
[Date "2015.01.17"]
[Round "1"]
[White "Mrbabu"]
[Black "Darknight"]
[WhiteElo "1970"]
[BlackElo "1820"]
[Result "1-0"]
[Round "1"]
1.e4 e5
2.Ng1f3 d6
3.h3 h6
4.d4 exd4
5.Nf3xd4 c5
6.Nd4f3 a6
7.Nb1c3 Bc8e6
8.Bc1e3 Nb8d7
9.Nc3d5 Be6xd5
10.exd5 Ng8f6
11.c4 b6
12.Bf1d3 Bf8e7
13.O-O g5
14.Rf1e1 g4
15.hxg4 Nf6xg4
16.Bd3f5 Nd7e5
17.Nf3xe5 dxe5
18.Bf5xg4 Be7g5
19.Be3xg5 hxg5
20.Re1xe5 Kf8
21.Qd1f3 Qd8d6
22.Ra1e1 Kg7
23.Re5xg5 Kf8
24.Rg5h5 Rh8xh5
25.Bg4xh5 Ra8a7
26.Re1e6 Qd6d7
27.Bh5xf7 Qd7xf7
28.Re6f6 Qf7xf6
29.Qf3xf6 Ra7f7
30.Qf6xb6 Rf7f4
31.Qb6xc5 Kf7
32.Qc5c7 { resign }
1-0

[Event "Match"]
[Site "www.echecsemail.com"]
[Date "2015.01.17"]
[Round "1"]
[White "Fred"]
[Black "Generalfree"]
[WhiteElo "1920"]
[BlackElo "1880"]
[Result "1-0"]
[Round "1"]
1.e4 e5
2.f4 exf4
3.Ng1f3 d6
4.Bf1c4 Bc8e6
5.Bc4xe6 fxe6
6.d4 g5
7.Nb1c3 a6
8.e5 d5
9.a3 g4
10.Nf3g1 Qd8h4
11.Kf1 g3
12.Ng1f3 Qh4h6
13.h3 Ng8e7
14.Nc3e2 Ne7f5
15.Bc1xf4 Qh6xf4
16.Ne2xf4 Nf5e3
17.Ke2 Ne3xd1
18.Ra1xd1 Ke7
19.Nf3g5 Bf8h6
20.Ng5xe6 Bh6xf4
21.Ne6xf4 c6
22.Rh1f1 Nb8d7
23.Kd2 Nd7b6
24.b3 Ra8f8
25.Nf4h5 Rf8f2
26.Rf1xf2 gxf2
27.Rd1f1 Rh8f8
28.Nh5f6 Rf8xf6
29.exf6 Kxf6
30.Rf1xf2 Ke6
31.Kd3 a5
32.g4 a4
33.h4 axb3
34.cxb3 Ke7
35.g5 { resign }
1-0

[Event "Match"]
[Site "www.echecsemail.com"]
[Date "2015.01.17"]
[Round "1"]
[White "Umzi"]
[Black "Cardiff"]
[WhiteElo "2150"]
[BlackElo "1950"]
[Result "1/2-1/2"]
[Round "1"]
1.e4 c6
2.Nb1c3 d5
3.exd5 cxd5
4.d4 Ng8f6
5.Ng1f3 g6
6.Bf1e2 Bf8g7
7.Bc1e3 O-O
8.h3 Nb8c6
9.Qd1d2 a6
10.Be3h6 Nf6e4
11.Nc3xe4 dxe4
12.Bh6xg7 Kxg7
13.Nf3e5 Qd8xd4
{ draw }
1/2-1/2

[Event "Match"]
[Site "www.echecsemail.com"]
[Date "2015.01.17"]
[Round "1"]
[White "Guidom"]
[Black "Pancon"]
[WhiteElo "2040"]
[BlackElo "1499"]
[Result "1-0"]
[Round "1"]
1.e4 c5
2.Ng1f3 d6
3.d4 cxd4
4.Nf3xd4 Ng8f6
5.Nb1c3 a6
6.Bf1d3 e6
7.O-O Bf8e7
8.Kh1  { time }
1-0

[Event "Match"]
[Site "www.echecsemail.com"]
[Date "2015.01.17"]
[Round "1"]
[White "Mdesouza"]
[Black "Ivano"]
[WhiteElo "2000"]
[BlackElo "1880"]
[Result "1-0"]
[Round "1"]
1.e4 c6
2.d4 d5
3.exd5 cxd5
4.c4 Ng8f6
5.Nb1c3 e6
6.Ng1f3 Bf8b4
7.Bf1d3 Nb8c6
8.Bc1g5 h6
9.Bg5h4 g5
10.Bh4g3 Bb4xc3
11.bxc3 dxc4
12.Bd3xc4 Nf6e4
13.Ra1c1 Ne4xg3
14.hxg3 g4
15.Nf3d2 f5
16.Qd1e2 Qd8f6
17.f3 Rh8g8
18.f4 Nc6e7
19.Kf2 Rg8g6
20.Rc1b1 Bc8d7
21.Bc4d3 Ne7d5
22.Rb1b3  { time }
1-0

[Event "1/128 Finale"]
[Site "www.chess-mail.com"]
[Date "2015.01.17"]
[Round "1"]
[White "Cl3537"]
[Black "Fractal"]
[WhiteElo "1350"]
[BlackElo "1970"]
[Result "1-0"]
[Round "1"]
1.e4 d5
2.exd5 Qd8xd5
3.Nb1c3 Qd5d6
4.Ng1f3 Ng8f6
5.d4 c6
6.Bf1d3 Bc8g4
7.O-O e6
8.Bc1e3 Qd6c7
9.h3 Bg4xf3
10.gxf3 Bf8d6
11.a3  { time }
1-0

[Event "1/128 Finale"]
[Site "www.chess-mail.com"]
[Date "2015.01.17"]
[Round "1"]
[White "Llord"]
[Black "Guidom"]
[WhiteElo "1710"]
[BlackElo "2040"]
[Result "1/2-1/2"]
[Round "1"]
1.e4 e5
2.Ng1f3 Nb8c6
3.Bf1c4 d6
4.h3 Bf8e7
5.d4 exd4
6.Nf3xd4 Nc6e5
7.Bc4b3 Ng8f6
8.O-O a6
9.Nb1c3 c5
10.Nd4f3 O-O
11.Nf3xe5 dxe5
12.Nc3d5 Nf6xd5
13.Bb3xd5 Qd8c7
14.f4 exf4
15.Bc1xf4 Qc7b6
16.Qd1h5 Qb6xb2
17.Bf4h6 g6
18.Qh5f3 Qb2d4
19.Kh1 Bc8e6
20.Bd5xe6 fxe6
21.Bh6xf8 Ra8xf8
22.Qf3d3 Rf8xf1
23.Ra1xf1 Qd4xd3
24.cxd3 Kg7
25.a4 b5
26.axb5 axb5
27.Rf1b1 b4
28.Kg1 Be7f6
29.Kf2 Bf6d4
30.Ke2 e5
31.Kf3 Kf6
32.Kg4 h5
33.Kh4 Bd4f2
34.g3 Bf2e3
35.Rb1f1 Kg7
36.g4 hxg4
37.Kxg4 Be3d2
38.Rf1f2 Bd2e3
39.Rf2e2 Be3d4
40.Kg5 b3
41.Re2e1 b2
42.Re1b1 Bd4e3
43.Kg4 Be3c1
44.h4 Kh6
45.Kg3 Kh5
46.Kh3 g5
47.hxg5 Kxg5
48.Kg3 Kf6
49.Kf3 Ke6
50.Ke2 Kd6
51.Kd1 Kc6
52.Rb1xc1 { draw }
1/2-1/2

[Event "Eq:BEAC Hungary-Slap Shot Mates : "]
[Site "www.chess-mail.com"]
[Date "2015.01.17"]
[Round "1"]
[White "Cardiff"]
[Black "Leswamp"]
[WhiteElo "2050"]
[BlackElo "2440"]
[Result "0-1"]
[Round "1"]
1.b3 e5
2.Bc1b2 Nb8c6
3.e3 Ng8f6
4.Bf1b5 Bf8d6
5.Ng1e2 O-O
6.O-O Rf8e8
7.Ne2g3 a6
8.Bb5e2 Bd6f8
9.d4 exd4
10.exd4 d5
11.Nb1d2 Bf8d6
12.Be2f3 Bc8e6
13.a3 Nc6e7
14.c4 c6
15.Rf1e1 Bd6f4
16.Qd1c2 Qd8c7
17.cxd5 cxd5
18.Ra1c1 Qc7d6
19.b4 Ra8c8
20.Qc2d1 Ne7f5
21.Rc1xc8 Re8xc8
22.Nd2b3 b6
23.Qd1e2 Rc8c4
24.Ng3f1 Qd6c7
25.Qe2d1 Rc4c2
26.Bb2a1 Qc7c4
27.Nf1d2 Qc4d3
28.Bf3e2 Rc2xd2
29.Be2xd3 Rd2xd1
30.Re1xd1 Be6c8
31.g3 Bf4d6
32.Bd3xf5 Bc8xf5
33.f3 Bf5c2
34.Rd1c1 Bc2xb3
35.Rc1c6 Nf6e8
36.Rc6xb6 Bb3c4
37.Kg2 Bd6c7
38.Rb6c6 Kf8
39.Ba1c3 Ke7
{ resign }
0-1

[Event "Eq:Latinoamerica-Slap Shot Mates : "]
[Site "www.chess-mail.com"]
[Date "2015.01.17"]
[Round "1"]
[White "Jpmartinez"]
[Black "Obisporey"]
[WhiteElo "2610"]
[BlackElo "2410"]
[Result "0-1"]
[Round "1"]
1.d4 d5
2.c4 c6
3.Ng1f3 Ng8f6
4.Qd1c2 dxc4
5.Qc2xc4 Bc8f5
6.g3 e6
7.Bf1g2 Nb8d7
8.O-O Bf8e7
9.e3 O-O
10.Rf1d1 Qd8c7
11.Nb1c3 Nf6d5
12.Nf3e1 Nd5xc3
13.bxc3 e5
14.e4 Bf5e6
15.Qc4e2 Nd7b6
16.Ne1f3 f6
17.Nf3h4 g6
18.Bc1h6 Rf8d8
19.a4 a5
20.Nh4f3 Kh8
21.Bg2f1 Be7f8
22.Bh6xf8 Rd8xf8
23.Qe2e3 Nb6c4
 { time }
0-1

[Event "Eq:Angels of Checkmate-Slap Shot Mates : "]
[Site "www.chess-mail.com"]
[Date "2015.01.17"]
[Round "1"]
[White "Geodad5"]
[Black "Generalfree"]
[WhiteElo "2070"]
[BlackElo "1670"]
[Result "1-0"]
[Round "1"]
1.e4 e5
2.Ng1f3 Nb8c6
3.d4 exd4
4.Nf3xd4 Nc6xd4
5.Qd1xd4 c5
6.Qd4d1 a6
7.Bf1e2 Bf8e7
8.O-O d6
9.Nb1c3 Bc8d7
10.Bc1f4 g5
11.Bf4xd6 Be7xd6
12.Qd1xd6 Qd8e7
13.Qd6g3 h6
14.Rf1e1 O-O-O
15.Be2f3 Bd7c6
16.Bf3g4 Rd8d7
17.Ra1d1 Ng8f6
18.Bg4xd7 Nf6xd7
19.Nc3d5 Bc6xd5
20.exd5 { resign }
1-0

[Event "Eq:BEAC Hungary-La Taverne : "]
[Site "www.chess-mail.com"]
[Date "2015.01.17"]
[Round "1"]
[White "Hali"]
[Black "Gilliere"]
[WhiteElo "2160"]
[BlackElo "1830"]
[Result "1-0"]
[Round "1"]
1.e4 e5
2.Nb1c3 d6
3.Bf1c4 Ng8f6
4.Ng1e2 Nb8d7
5.O-O b6
6.f4 exf4
7.Ne2xf4 Bc8b7
8.Nf4d5 Nf6xd5
9.Nc3xd5 c6
10.Nd5e3 Nd7e5
11.Bc4b3 g6
12.d4 d5
13.dxe5 dxe4
14.Bb3xf7 Ke7
15.Qd1g4 Bb7c8
16.Qg4g5 Kd7
17.Rf1d1 { resign }
1-0

[Event "Tourn. n7795"]
[Site "www.chess-mail.com"]
[Date "2015.01.18"]
[Round "1"]
[White "Naujzaid"]
[Black "Julian"]
[WhiteElo "1880"]
[BlackElo "1890"]
[Result "1/2-1/2"]
[Round "1"]
1.d4 d5
2.c4 e6
3.Nb1c3 Ng8f6
4.cxd5 exd5
5.Bc1g5 Bf8e7
6.e3 O-O
7.Bf1d3 Nb8d7
8.Qd1c2 h6
9.Bg5h4 c6
10.Ng1f3 Rf8e8
11.O-O Nf6e4
12.Bh4xe7 Qd8xe7
13.a3 Nd7f6
14.b4 Ne4xc3
15.Qc2xc3 Nf6e4
16.Qc3c2 Bc8f5
17.Nf3d2 Ra8c8
18.Rf1c1 b6
19.Nd2f3 c5
20.dxc5 bxc5
21.bxc5 Rc8xc5
22.Qc2b2 Rc5xc1
23.Ra1xc1 Ne4d6
24.Bd3xf5 Nd6xf5
25.Nf3d4 Nf5xd4
26.Qb2xd4 Qe7xa3
27.Rc1a1 Qa3d6
28.Ra1xa7 Re8b8
29.g3 Qd6e6
30.Ra7a5 Qe6h3
31.Ra5a1 Qh3h5
32.Ra1d1 Rb8b5
33.Rd1c1 Rb5b8
34.Rc1d1 Rb8b5
35.Rd1c1 { draw }
1/2-1/2

[Event "Tourn. n7854"]
[Site "www.chess-mail.com"]
[Date "2015.01.18"]
[Round "1"]
[White "Anja"]
[Black "Fractal"]
[WhiteElo "1850"]
[BlackElo "1960"]
[Result "1-0"]
[Round "1"]
1.e4 d5
2.exd5 Qd8xd5
3.Ng1f3 Ng8f6
4.Nb1c3 Qd5d6
5.d4 c6
6.Bf1c4 Bc8f5
7.Nf3e5 e6
8.Bc1f4 Qd6b4
9.Bc4b3 Bf8e7
10.O-O O-O
11.a3 Qb4b6
12.Nc3a4 Qb6d8
13.c3 Nb8d7
14.Bb3c2 Bf5xc2
15.Qd1xc2 Nf6d5
16.Bf4g3 Nd7b6
17.Ra1d1 Nb6xa4
18.Qc2xa4 Be7f6
19.Qa4c2 Nd5e7
20.Bg3f4 Ne7d5
21.Bf4d2 Qd8c7
22.c4 Bf6xe5
23.dxe5 Nd5b6
24.Bd2a5 Qc7c8
25.Ba5b4 Rf8d8
26.Rd1xd8 Qc8xd8
27.Bb4d6 Qd8e8
28.c5 Nb6d5
29.Rf1e1 Qe8d8
30.Re1e4 Qd8g5
31.g3 Qg5f5
32.Qc2e2 b6
33.Qe2g4 Qf5xg4
34.Re4xg4 bxc5
35.Bd6xc5 a6
36.a4 Ra8b8
37.b4 Rb8b7
38.Rg4c4  { time }
1-0

[Event "Tourn. n8023"]
[Site "www.chess-mail.com"]
[Date "2015.01.18"]
[Round "1"]
[White "Krasin"]
[Black "Maredocla"]
[WhiteElo "2230"]
[BlackElo "2030"]
[Result "1-0"]
[Round "1"]
1.e4 c5
2.c3 e5
3.f4 f6
4.fxe5 g6
5.Bf1c4 fxe5
6.Ng1f3 Qd8f6
7.O-O Bf8h6
8.d4 d6
9.dxe5 dxe5
10.Nf3g5 Qf6e7
11.Bc4f7 Kf8
12.Bf7xg8 Ke8
13.Bg8f7 Kf8
14.Bf7e6 Ke8
15.Be6f7 Kf8
16.Bf7xg6 Kg8
17.Qd1b3 { resign }
1-0

[Event "Tourn. n7797"]
[Site "www.chess-mail.com"]
[Date "2015.01.18"]
[Round "1"]
[White "Azulmarino"]
[Black "Theos666"]
[WhiteElo "1500"]
[BlackElo "1350"]
[Result "1-0"]
[Round "1"]
1.e4 e5
2.Ng1f3 f6
3.Bf1c4 Ng8e7
4.Nb1c3 c6
5.d3 a6
6.Bc1e3 g6
7.Be3c5 d6
8.Nc3a4 Nb8d7
9.Bc5xd6 b5
10.Bc4xb5 axb5
11.Na4c3 Nd7b6
12.Bd6c5 Bf8h6
13.O-O Nb6d7
14.Bc5b4 O-O
15.Rf1e1 Rf8f7
16.d4 Qd8b6
17.dxe5 fxe5
18.Nf3xe5 Rf7f4
19.Ne5f3 Nd7f6
20.Bb4xe7 Kf7
21.Be7d8 Qb6c5
22.Bd8xf6 Kxf6
23.e5 Ke6
24.g3 Rf4c4
25.Nc3e4 Rc4xc2
26.Re1f1 Qc5b6
27.Qd1xc2 { resign }
1-0

[Event "Tourn. n7976"]
[Site "www.chess-mail.com"]
[Date "2015.01.18"]
[Round "1"]
[White "Kozakliuty"]
[Black "Zazi"]
[WhiteElo "1500"]
[BlackElo "1570"]
[Result "0-1"]
[Round "1"]
1.g4 b5
2.Bf1g2 c6
3.d4 Bc8b7
4.a3 Ng8f6
5.h3 h5
6.Nb1c3 hxg4
7.hxg4 Rh8xh1
8.Bg2xh1 Qd8c7
9.e4 Qc7h2
{ resign }
0-1

[Event "Tourn. n7977"]
[Site "www.chess-mail.com"]
[Date "2015.01.18"]
[Round "1"]
[White "Luban"]
[Black "Syd"]
[WhiteElo "2110"]
[BlackElo "2220"]
[Result "0-1"]
[Round "1"]
1.d4 Ng8f6
2.c4 c5
3.e3 g6
4.Ng1f3 Bf8g7
5.Nb1c3 O-O
6.Bf1d3 cxd4
7.exd4 d5
8.h3 Nb8c6
9.a3 dxc4
10.Bd3xc4 Bc8f5
11.Bc1e3 Ra8c8
12.O-O Nc6a5
13.Bc4d3 Bf5xd3
14.Qd1xd3 Na5c4
15.Qd3e2 Nc4xe3
16.fxe3 Nf6d5
17.Nc3xd5 Qd8xd5
18.Ra1c1 Qd5e4
19.Nf3g5 Qe4d5
20.Rc1xc8 Rf8xc8
21.Ng5f3 Qd5b3
22.Rf1d1 Bg7h6
23.Rd1d3 Rc8c1
24.Kh2 Qb3e6
25.e4 Qe6c6
26.d5 Qc6c7
27.e5 Bh6f4
28.g3 Rc1c2
29.Nf3d2 Bf4xe5
{ resign }
0-1

[Event "Tourn. n7939"]
[Site "www.chess-mail.com"]
[Date "2015.01.18"]
[Round "1"]
[White "Kollipaa"]
[Black "Bojan"]
[WhiteElo "1970"]
[BlackElo "1940"]
[Result "1/2-1/2"]
[Round "1"]
1.b4 g6
2.Bc1b2 Ng8f6
3.Ng1f3 Bf8g7
4.e3 d6
5.Bf1e2 c6
6.O-O e5
7.d3 h6
8.e4 Nf6h7
9.a4 Nh7g5
10.Nb1d2 Nb8d7
11.c4 b6
12.Rf1e1 c5
13.b5 Nd7f6
14.Qd1c2 Nf6h7
15.Bb2c3 Ng5xf3
16.Nd2xf3 Nh7g5
17.Nf3d2 Ng5e6
18.Nd2f1 Ne6f4
19.Be2f3 g5
20.Nf1e3 h5
21.Ne3d5 g4
22.Bf3d1 Nf4e6
23.Qc2c1 Bg7h6
24.Bc3d2 Bh6g5
25.Bd2e3 Bc8b7
26.Qc1d2 Rh8g8
27.Bd1e2 Kd7
28.a5 Bg5xe3
29.fxe3 Ne6c7
30.Re1f1 Rg8g7
31.Nd5f6 Ke7
32.axb6 axb6
33.Nf6d5 Nc7xd5
34.exd5 Ra8xa1
35.Rf1xa1 f5
36.Ra1a7 Qd8b8
37.Ra7a1 Rg7f7
38.Qd2e1 Kf6
39.Qe1h4 Kg6
40.Qh4e1 f4
41.exf4 exf4
42.Qe1d1 Bb7c8
43.Qd1c2 Kg5
44.Qc2d2 Rf7a7
45.Qd2c1 Kf5
46.Ra1a3 Bc8d7
47.Qc1a1 Ra7xa3
48.Qa1xa3 Bd7e8
49.Qa3a6 Be8g6
50.Qa6a1 Kg5
{ draw }
1/2-1/2

[Event "Tourn. n7879"]
[Site "www.chess-mail.com"]
[Date "2015.01.18"]
[Round "1"]
[White "Merlino23"]
[Black "Asoka"]
[WhiteElo "2610"]
[BlackElo "2670"]
[Result "1/2-1/2"]
[Round "1"]
1.d4 Ng8f6
2.c4 e6
3.Nb1c3 Bf8b4
4.e3 c5
5.Bf1d3 d5
6.Ng1f3 cxd4
7.exd4 dxc4
8.Bd3xc4 O-O
9.O-O b6
10.Bc1g5 Bc8b7
11.Qd1e2 Nb8d7
12.Nf3e5 Bb4xc3
13.bxc3 Ra8c8
14.Rf1d1 Qd8c7
15.Ne5xd7 Nf6xd7
16.Bc4b5 h6
17.Bg5d2 Bb7d5
18.Qe2e3 Bd5c4
19.Bb5a4 Nd7f6
{ draw }
1/2-1/2

[Event "Tourn. n7920"]
[Site "www.chess-mail.com"]
[Date "2015.01.18"]
[Round "1"]
[White "Tomcapp"]
[Black "Theos666"]
[WhiteElo "1430"]
[BlackElo "1350"]
[Result "1-0"]
[Round "1"]
1.e4 Nb8c6
2.Ng1f3 f6
3.Bf1b5 g6
4.d4 e5
5.dxe5 b6
6.Bb5xc6 dxc6
7.Nb1c3 f5
8.exf5 Bc8xf5
9.Bc1g5 Qd8xd1
10.Nc3xd1 h6
11.Bg5f6 Ng8xf6
12.O-O Nf6d5
13.Nd1c3 Nd5xc3
14.bxc3 Ra8d8
15.Rf1e1 Bf8c5
16.Re1f1 Rh8g8
17.Ra1e1 Bf5xc2
18.e6 Rd8d5
19.e7 Bc5xe7
20.Nf3e5 Rg8f8
{ time. }
1-0

[Event "Tourn. n7824"]
[Site "www.chess-mail.com"]
[Date "2015.01.18"]
[Round "1"]
[White "Naujzaid"]
[Black "Fractal"]
[WhiteElo "1990"]
[BlackElo "1930"]
[Result "1-0"]
[Round "1"]
1.d4 Ng8f6
2.c4 c5
3.d5 b5
4.cxb5 a6
5.bxa6 g6
6.Nb1c3 Bf8g7
7.e4 d6
8.Ng1f3 Nf6d7
9.Bc1e3 O-O
10.Bf1e2 Nb8xa6
11.O-O Na6c7
12.Qd1d2 Bc8a6
13.Be2xa6 Nc7xa6
14.Be3h6 Na6c7
15.Bh6xg7 Kxg7
16.Rf1e1 Nc7a6
17.e5 dxe5
18.Nf3xe5 Nd7xe5
19.Re1xe5 e6
20.Ra1d1 exd5
21.Re5xd5  { time }
1-0

[Event "Tourn. n8016"]
[Site "www.chess-mail.com"]
[Date "2015.01.18"]
[Round "1"]
[White "Osopanda"]
[Black "Krasin"]
[WhiteElo "2100"]
[BlackElo "2190"]
[Result "0-1"]
[Round "1"]
1.c4 f5
2.g3 Ng8f6
3.Bf1g2 g6
4.Nb1c3 Bf8g7
5.e4 fxe4
6.Nc3xe4 Nf6xe4
7.Bg2xe4 O-O
8.Ng1f3 e5
9.O-O d6
10.d4 Bc8g4
11.Qd1d3 Nb8c6
12.Be4d5 Kh8
13.Bc1g5 Rf8xf3
14.Bg5xd8 Rf3xd3
15.Bd8xc7 Nc6xd4
16.Bc7xd6 Bg4f3
17.Bd6c5 Nd4e2
{ resign }
0-1

[Event "Tourn. n7995"]
[Site "www.chess-mail.com"]
[Date "2015.01.18"]
[Round "1"]
[White "Wwgia"]
[Black "Averoes"]
[WhiteElo "2140"]
[BlackElo "2220"]
[Result "1-0"]
[Round "1"]
1.d4 Ng8f6
2.c4 e6
3.Ng1f3 b6
4.a3 d5
5.Nb1c3 Bc8b7
6.cxd5 exd5
7.g3 Bf8e7
8.Qd1a4 c6
9.Nf3e5 O-O
10.Bf1g2 Nf6d7
11.Ne5d3 Qd8c7
12.O-O a5
13.e4 dxe4
14.Nc3xe4 Nb8a6
15.Bc1f4 Qc7d8
16.Nd3e5 Nd7xe5
17.dxe5 b5
18.Qa4c2 c5
19.Ne4f6 gxf6
20.Bg2xb7 { resign }
1-0

[Event "Tourn. n7806"]
[Site "www.chess-mail.com"]
[Date "2015.01.18"]
[Round "1"]
[White "Naujzaid"]
[Black "Chtoubidou"]
[WhiteElo "1900"]
[BlackElo "1830"]
[Result "1-0"]
[Round "1"]
1.d4 e6
2.c4 Ng8f6
3.Nb1c3 d5
4.cxd5 Nf6xd5
5.e4 Nd5xc3
6.bxc3 c5
7.Ng1f3 Nb8c6
8.Bf1d3 Bf8e7
9.O-O O-O
10.e5 b6
11.Qd1e2 Bc8b7
12.Qe2e4 g6
13.Qe4g4 cxd4
14.cxd4 Nc6b4
15.Bd3b1 Ra8c8
16.Bc1h6 Rf8e8
17.Nf3g5 Be7f8
18.Bh6xf8 Re8xf8
19.Qg4h4 h5
20.g4 Qd8d5
21.Bb1e4 Qd5d7
22.gxh5 Bb7xe4
23.Ng5xe4 Qd7d8
24.Ne4f6 Kg7
25.h6 Kh8
26.Qh4g4 Nb4d5
27.Nf6e4 { resign }
1-0

[Event "Tourn. n7919"]
[Site "www.chess-mail.com"]
[Date "2015.01.18"]
[Round "1"]
[White "Fractal"]
[Black "Blackpool"]
[WhiteElo "1980"]
[BlackElo "1800"]
[Result "0-1"]
[Round "1"]
1.e4 Ng8f6
2.e5 Nf6d5
3.c4 Nd5b6
4.d4 d6
5.Ng1f3 g6
6.Nb1c3 Bf8g7
7.Bc1f4 O-O
8.Bf1d3 Nb8c6
9.O-O Bc8g4
10.Bd3e2 Bg4xf3
11.Be2xf3 Nb6xc4
12.b3 dxe5
13.dxe5 Nc4xe5
14.Ra1c1 Ne5xf3
 { time }
0-1

[Event "Tourn. n7994"]
[Site "www.chess-mail.com"]
[Date "2015.01.18"]
[Round "1"]
[White "Georgepapi"]
[Black "Hundegana"]
[WhiteElo "1830"]
[BlackElo "1950"]
[Result "1-0"]
[Round "1"]
1.e4 e5
2.Ng1f3 Ng8f6
3.Nf3xe5 Nf6xe4
4.Qd1e2 d5
5.d3 Qd8e7
6.dxe4 Qe7xe5
7.exd5 Qe5xe2
8.Bf1xe2 Bf8d6
9.O-O O-O
10.c4 Bc8f5
11.Nb1c3 a6
12.Rf1e1 Nb8d7
13.Bc1e3 Bd6b4
14.Be3d2 Bb4xc3
15.Bd2xc3 f6
16.Be2f3 Ra8e8
17.h3 h6
18.Bc3b4 Re8xe1
19.Ra1xe1 Rf8f7
20.Bf3e4 Bf5xe4
21.Re1xe4 f5
22.Re4e8 Kh7
23.Re8c8 Nd7b6
24.Rc8b8 Nb6xc4
25.Rb8xb7 Nc4xb2
26.d6 Nb2d3
27.dxc7 Rf7xc7
28.Rb7xc7 Nd3xb4
29.a3 Nb4d5
30.Rc7a7 h5
31.Ra7xa6 g6
32.Ra6d6 Nd5c3
33.Rd6c6 Nc3a4
34.Rc6c4 Na4b2
35.Rc4d4 Kg7
36.a4 Kf6
37.a5 Ke5
38.Rd4d8 Nb2c4
39.a6 Nc4b6
40.a7 g5
41.Rd8b8 Nb6d7
42.a8Q Nd7xb8
43.Qa8xb8 Ke4
44.Qb8e8 Kd5
45.Qe8xh5 { resign }
1-0

[Event "Tourn. n7937"]
[Site "www.chess-mail.com"]
[Date "2015.01.18"]
[Round "1"]
[White "Anol"]
[Black "Genius9"]
[WhiteElo "1290"]
[BlackElo "1220"]
[Result "0-1"]
[Round "1"]
1.Ng1f3 c5
2.Nb1c3 d6
3.d3 Ng8f6
4.e4 g6
5.g3 Bf8g7
6.Bf1g2 O-O
7.O-O Nb8c6
8.Nf3g5 h6
9.Ng5f3 Bc8g4
10.Bc1d2 a6
 { time }
0-1

[Event "Tourn. n8006"]
[Site "www.chess-mail.com"]
[Date "2015.01.18"]
[Round "1"]
[White "Anja"]
[Black "Maredocla"]
[WhiteElo "2020"]
[BlackElo "2020"]
[Result "1-0"]
[Round "1"]
1.d4 d5
2.Bc1f4 Bc8f5
3.e3 Nb8c6
4.c4 Ng8f6
5.Ng1f3 h6
6.Nb1c3 g5
7.Bf4g3 Nf6h5
8.cxd5 Nc6b8
9.e4 Bf5g4
10.Bf1e2 Bf8g7
11.Ra1c1 Nh5xg3
12.hxg3 a6
13.Nf3e5 Bg4xe2
14.Qd1xe2 f6
15.Qe2h5 { resign }
1-0

[Event "Tourn. n7832"]
[Site "www.chess-mail.com"]
[Date "2015.01.18"]
[Round "1"]
[White "Fabos12"]
[Black "Georgepapi"]
[WhiteElo "1640"]
[BlackElo "1680"]
[Result "0-1"]
[Round "1"]
1.d4 Ng8f6
2.c4 e6
3.Ng1f3 Bf8b4
4.Bc1d2 Bb4xd2
5.Qd1xd2 O-O
6.Nb1c3 d5
7.e3 Nb8d7
8.c5 Rf8e8
9.O-O-O c6
10.Bf1d3 b6
11.b4 bxc5
12.dxc5 a5
13.Qd2b2 axb4
14.Qb2xb4 Qd8a5
15.Qb4xa5 Ra8xa5
16.Kd2 Nd7xc5
17.Bd3e2 Nc5e4
18.Nc3xe4 Nf6xe4
19.Ke1 Ra5xa2
20.Nf3e5 Ne4c3
21.Be2f3 Nc3xd1
22.Bf3xd1 c5
23.Rh1g1 c4
24.f4 c3
25.Ne5f3 c2
26.Bd1xc2 Ra2xc2
27.Kd1 Rc2a2
28.g4 Ra2a1
29.Kc2 Ra1xg1
30.Nf3xg1 Bc8a6
31.Kb3 Re8c8
32.Ng1f3 Ba6e2
33.Nf3e5 f6
34.Ne5d7 Be2xg4
{ resign }
0-1

[Event "Tourn. n7970"]
[Site "www.chess-mail.com"]
[Date "2015.01.18"]
[Round "1"]
[White "Bojan"]
[Black "Difficult"]
[WhiteElo "1940"]
[BlackElo "1880"]
[Result "1/2-1/2"]
[Round "1"]
1.c4 Ng8f6
2.b4 e6
3.a3 d5
4.Qd1c2 dxc4
5.Qc2xc4 Bf8d6
6.Bc1b2 O-O
7.Ng1f3 Qd8e7
8.e3 a6
9.Bf1d3 b5
10.Qc4c2 h6
11.Nb1c3 Bc8b7
12.Rh1g1 c5
13.bxc5 Bd6xc5
14.a4 b4
15.Nc3e4 Nf6xe4
16.Bd3xe4 Bc5b6
17.a5 Bb6a7
18.d4 Bb7d5
19.Nf3e5 b3
20.Qc2d3 Bd5xe4
21.Qd3xe4 Nb8d7
22.Ne5c6 Qe7d6
23.Nc6xa7 Ra8xa7
24.Ke2 Nd7f6
25.Qe4h4 Rf8c8
26.Rg1c1 Ra7c7
{ draw }
1/2-1/2

[Event "Tourn. n7926"]
[Site "www.chess-mail.com"]
[Date "2015.01.18"]
[Round "1"]
[White "Krasin"]
[Black "Abuelo"]
[WhiteElo "2220"]
[BlackElo "2070"]
[Result "1-0"]
[Round "1"]
1.e4 e5
2.f4 exf4
3.Ng1f3 d6
4.d4 Qd8e7
5.Nb1c3 d5
6.Nc3xd5 Qe7xe4
7.Qd1e2 Qe4xe2
8.Bf1xe2 Bf8d6
9.Bc1xf4 Bd6xf4
10.Nd5xf4 Ng8e7
11.O-O-O Nb8c6
12.d5 Nc6b4
13.a3 Nb4a6
14.Be2xa6 bxa6
15.Rh1e1 Bc8g4
16.d6 Bg4xf3
17.gxf3 cxd6
18.Nf4d5 O-O
19.Re1xe7 h6
20.Nd5c7 Ra8c8
21.Rd1xd6 a5
22.Rd6a6 f6
23.Ra6xa7 Rf8d8
24.Nc7e6 { resign }
1-0

[Event "Tourn. n8006"]
[Site "www.chess-mail.com"]
[Date "2015.01.18"]
[Round "1"]
[White "Maredocla"]
[Black "Luban"]
[WhiteElo "2000"]
[BlackElo "2160"]
[Result "1/2-1/2"]
[Round "1"]
1.e4 c5
2.Ng1f3 d6
3.b3 e6
4.Bc1b2 Nb8c6
5.Bf1b5 Bc8d7
6.O-O Ng8f6
7.d3 Bf8e7
8.Nb1d2 O-O
9.Nf3g5 h6
10.Ng5f3 a6
11.Bb5xc6 Bd7xc6
12.a4 b5
13.axb5 axb5
14.e5 Nf6d5
15.Nd2e4 Nd5f4
16.Nf3d2 dxe5
17.Bb2xe5 Nf4g6
18.Be5b2 Qd8d5
19.Qd1g4 h5
20.Qg4g3 h4
21.Qg3e3 f5
22.c4 Qd5d7
23.Ne4xc5 Be7xc5
24.Qe3xc5 bxc4
25.Nd2xc4 Qd7d5
26.Qc5xd5 Bc6xd5
27.Ra1xa8 Rf8xa8
28.Rf1a1 Ra8xa1
29.Bb2xa1 Ng6f4
30.d4 Nf4xg2
31.Nc4d2 Kf7
32.b4 Ng2f4
33.Kf1 Ke7
{ draw }
1/2-1/2

[Event "Tourn. n7963"]
[Site "www.chess-mail.com"]
[Date "2015.01.18"]
[Round "1"]
[White "Fanny33"]
[Black "Pgcbies"]
[WhiteElo "2710"]
[BlackElo "2830"]
[Result "1-0"]
[Round "1"]
1.e4 e6
2.d3 d5
3.Nb1d2 Ng8f6
4.Ng1f3 c5
5.g3 Nb8c6
6.Bf1g2 Bf8e7
7.O-O O-O
8.Rf1e1 b6
9.e5 Nf6d7
10.Nd2f1 b5
11.h4 a5
12.Nf1h2 Bc8b7
13.Bc1f4 Nc6b4
14.c3 Nb4c6
15.Nf3g5 a4
16.Qd1h5 h6
17.Nh2g4 hxg5
18.hxg5 a3
19.b3 Rf8e8
20.Bg2xd5 { resign }
1-0

[Event "Tourn. n7925"]
[Site "www.chess-mail.com"]
[Date "2015.01.18"]
[Round "1"]
[White "Asoka"]
[Black "Jpmartinez"]
[WhiteElo "2650"]
[BlackElo "2630"]
[Result "1/2-1/2"]
[Round "1"]
1.c4 c5
2.Nb1c3 Nb8c6
3.Ng1f3 g6
4.e3 Ng8f6
5.d4 cxd4
6.exd4 d5
7.cxd5 Nf6xd5
8.Qd1b3 e6
9.Bc1g5 Bf8e7
10.Bg5h6 Bc8d7
11.Ra1c1 Be7f8
12.Bh6d2 Bf8g7
13.Nc3xd5 exd5
14.Qb3e3 Bd7e6
15.Bf1b5 O-O
16.Bb5xc6 bxc6
17.O-O Rf8e8
18.Bd2b4 { draw }
1/2-1/2

[Event "Tourn. n7983"]
[Site "www.chess-mail.com"]
[Date "2015.01.18"]
[Round "1"]
[White "Anja"]
[Black "Luban"]
[WhiteElo "2010"]
[BlackElo "2080"]
[Result "0-1"]
[Round "1"]
1.d4 d5
2.Ng1f3 e6
3.e3 c5
4.c4 Ng8f6
5.Nb1c3 a6
6.Bf1e2 h6
7.b3 Bf8e7
8.O-O O-O
9.Qd1c2 cxd4
10.Nf3xd4 dxc4
11.Be2xc4 b5
12.Bc4e2 Bc8b7
13.Bc1b2 Nb8c6
14.Rf1d1 Qd8c7
15.Nc3e4 Nf6xe4
16.Qc2xe4 Nc6xd4
17.Qe4xd4 Be7f6
18.Qd4d2 Ra8d8
19.Qd2c1 Qc7xc1
{ resign }
0-1

[Event "Tourn. n7783"]
[Site "www.chess-mail.com"]
[Date "2015.01.18"]
[Round "1"]
[White "Castletyme"]
[Black "Fractal"]
[WhiteElo "1900"]
[BlackElo "1890"]
[Result "1-0"]
[Round "1"]
1.e4 d5
2.exd5 Qd8xd5
3.Nb1c3 Qd5d6
4.Ng1f3 Ng8f6
5.d3 c6
6.Bf1e2 Bc8f5
7.O-O e6
8.Bc1g5 Nb8d7
9.Bg5xf6 Nd7xf6
10.Rf1e1 Qd6c7
11.Nf3d2 Bf8d6
12.Nd2f3 h6
13.Ra1b1 Bf5g4
14.Nc3e4 Nf6xe4
15.dxe4 Bg4xf3
16.Be2xf3 Bd6xh2
17.Kh1 Bh2f4
18.g3 Bf4d6
19.Kg2 O-O-O
20.Qd1e2 Bd6e5
21.c3 Rd8d7
22.Rb1d1 Rd7xd1
23.Re1xd1 Rh8d8
24.Rd1xd8 Qc7xd8
25.a4 Qd8a5
26.Qe2c4 Qa5b6
27.b4 Qb6c7
28.a5 g6
29.Qc4c5  { time }
1-0